000 00287nam a2200109Ia 4500
008 190906s9999||||xx |||||||||||||| ||und||
100 _aTimothy Budd
245 0 _aData Strucrure in C++ Using the Standard Template Library
260 _aUSA
_bMcGraw-Hill
_c1997
300 _a544
942 _cBK
999 _c5972
_d5972